[Event "Wch U18"]
[Site "Florianopolis"]
[Date "2024.10.29"]
[Round "1"]
[White "Miller, Ariel"]
[Black "Grahn, Vidar"]
[Result "0-1"]
[WhiteElo "1812"]
[BlackElo "2267"]
[PlyCount "64"]
[EventDate "2024.10.29"]
[EventType "swiss"]
[EventRounds "11"]
[EventCountry "BRA"]
[SourceTitle "CB45_2024"]
[Source "ChessBase"]
[SourceDate "2024.11.06"]
[SourceVersion "1"]
[SourceVersionDate "2024.11.06"]
[SourceQuality "1"]

1. e4 e5 2. Nf3 Nc6 3. Bb5 a6 4. Ba4 Nf6 5. d3 d6 6. c3 Bd7 7. 0-0 g6 8. Re1 Bg7 9. Nbd2 0-0 10. Qe2 Nh5 11. Nf1 Kh8 12. Bc2 f5 13. Bg5 Bf6 14. Bh6 Bg7 15. Bg5 Qe8 16. exf5 gxf5 17. Qd2 Qf7 18. Ng3 f4 19. Ne4 Bg4 20. Bd1 d5 21. Nc5 b6 22. Nb3 Qg6 23. Bh4 Rae8 24. Be2 e4 25. dxe4 dxe4 26. Nfd4 Ne5 27. Kh1 c5 28. Nc2 f3 29. Bf1 fxg2+ 30. Bxg2 Nf3 31. Qe3 Nxh4 32. Bxe4 Rxe4 0-1

[Event "URU-ch U20"]
[Site "Montevideo"]
[Date "2024.05.19"]
[Round "5"]
[White "Romero, Juan Ignacio"]
[Black "Miller, Ariel"]
[Result "1-0"]
[WhiteElo "1903"]
[BlackElo "1841"]
[PlyCount "58"]
[EventDate "2024.05.17"]
[EventType "swiss"]
[EventRounds "6"]
[EventCountry "URU"]
[SourceTitle "CBM 220 Extra"]
[Source "ChessBase"]
[SourceDate "2024.07.31"]
[SourceVersion "1"]
[SourceVersionDate "2024.07.31"]
[SourceQuality "1"]

1. Nf3 Nf6 2. g3 c5 3. c4 Nc6 4. Bg2 e5 5. Nc3 d5 6. cxd5 Nxd5 7. Nxe5 Nxc3 8. Nxc6 Nxd1 9. Nxd8 Nxf2 10. Nxf7 Nd3+ 11. exd3 Kxf7 12. 0-0+ Ke8 13. b3 a5 14. Bb2 a4 15. Rae1+ Kd8 16. Rf7 axb3 17. axb3 Ra2 18. Bc3 Ra6 19. Bxb7 Ra7 20. Bd5 Rxf7 21. Bxf7 Bh3 22. Re8+ Kd7 23. d4 h5 24. Kf2 Rh6 25. Rxf8 Ke7 26. Rb8 Rf6+ 27. Ke3 cxd4+ 28. Bxd4 Rxf7 29. b4 Kd6 1-0

[Event "URU-ch U20"]
[Site "Montevideo"]
[Date "2024.05.17"]
[Round "1"]
[White "Costa, Milagros"]
[Black "Miller, Ariel"]
[Result "0-1"]
[WhiteElo "1534"]
[BlackElo "1841"]
[PlyCount "46"]
[EventDate "2024.05.17"]
[EventType "swiss"]
[EventRounds "6"]
[EventCountry "URU"]
[SourceTitle "CBM 220 Extra"]
[Source "ChessBase"]
[SourceDate "2024.07.31"]
[SourceVersion "1"]
[SourceVersionDate "2024.07.31"]
[SourceQuality "1"]

1. e4 c5 2. Nf3 e6 3. Nc3 a6 4. g3 Nc6 5. Bg2 Nf6 6. d4 cxd4 7. Nxd4 Bc5 8. Nxc6 bxc6 9. 0-0 d5 10. e5 Nd7 11. Be3 Bxe3 12. fxe3 Nxe5 13. Qh5 Ng6 14. Ne2 0-0 15. Nf4 Qb6 16. Rf3 Qxb2 17. Raf1 Ne5 18. R3f2 Nc4 19. Nxd5 exd5 20. Bh3 Bxh3 21. Qxh3 Nxe3 22. Re1 Qd4 23. Kh1 Ng4 0-1

[Event "URU-ch sf"]
[Site "Montevideo"]
[Date "2024.02.12"]
[Round "5"]
[White "Ruggiero, Alvaro"]
[Black "Miller, Ariel"]
[Result "1-0"]
[WhiteElo "1827"]
[BlackElo "1716"]
[PlyCount "67"]
[EventDate "2024.02.09"]
[EventType "swiss"]
[EventRounds "7"]
[EventCountry "URU"]
[SourceTitle "CBM 218 Extra"]
[Source "ChessBase"]
[SourceDate "2024.03.31"]
[SourceVersion "1"]
[SourceVersionDate "2024.03.31"]
[SourceQuality "1"]

1. e4 c5 2. Nc3 e6 3. f4 d5 4. d3 b5 5. exd5 b4 6. Nce2 exd5 7. g3 Bb7 8. Bg2 Nf6 9. d4 Qb6 10. Nf3 Nbd7 11. 0-0 Ne4 12. Be3 Rc8 13. c3 Ba6 14. Rc1 cxd4 15. Bxd4 Bc5 16. Re1 0-0 17. Bh3 f5 18. Kg2 Bxe2 19. Rxe2 Bxd4 20. Nxd4 g6 21. Nb3 Ndf6 22. cxb4 Qxb4 23. Rec2 Qb7 24. Nd4 Rxc2+ 25. Rxc2 Rc8 26. Kf3 Re8 27. g4 fxg4+ 28. Bxg4 Nxg4 29. Kxg4 Qd7+ 30. f5 gxf5+ 31. Kh3 Ng5+ 32. Kg2 f4 33. Qh5 Qg7 34. Qxe8+ 1-0